| 000 | 00674nam a2200229 a 4500 | ||
|---|---|---|---|
| 008 | |||
| 020 | _a0070199531 (hbk. ) | ||
| 049 | _aMAIN | ||
| 090 |
_aQA303 _bFAR |
||
| 100 | 1 | _aFarlow, Stanley J. | |
| 245 | 1 | 0 |
_aIntroduction to calculus with applications / _cStanley J. Farlow, Gary M. Haggard. |
| 260 |
_aNew York : _bMcGraw-Hill, _c1990. |
||
| 300 |
_axvi,562 p. [59] : _bill. (some col.) ; _c26 cm. |
||
| 500 | _aIncludes index. | ||
| 650 | 0 | _aCalculus. | |
| 700 | 1 | _aHaggard, Gary M. | |
| 907 |
_a.b10003289 _b07-05-12 _c17-04-03 |
||
| 003 | |||
| 005 | 20230123133831.0 | ||
| 040 | _cNUST | ||
| 942 |
_cBOOKS _kQA303 _mFAR |
||
| 999 |
_c155438 _d155438 |
||